[Event "COL-chT 21st"]
[Site "Cartagena"]
[Date "2019.11.30"]
[Round "9.1"]
[White "Dominguez, Laura Lucia"]
[Black "Orozco, Luz Elena"]
[Result "1-0"]
[WhiteElo "2121"]
[BlackElo "2008"]
[PlyCount "81"]
[EventDate "2019.11.30"]
[EventType "team-swiss"]
[EventRounds "9"]
[EventCountry "COL"]
[SourceTitle "CBM 195 Extra"]
[Source "ChessBase"]
[SourceDate "2020.05.31"]
[SourceVersion "1"]
[SourceVersionDate "2020.05.31"]
[SourceQuality "1"]
[WhiteTeam "Valle"]
[BlackTeam "Boyaca"]
[WhiteTeamCountry "COL"]
[BlackTeamCountry "COL"]

1. e4 c5 2. Nf3 Nc6 3. Nc3 e6 4. d4 cxd4 5. Nxd4 Nf6 6. f4 Bb4 7. Nxc6 bxc6 8. Bd3 d5 9. exd5 cxd5 10. 0-0 0-0 11. Bd2 Bb7 12. a3 Bxc3 13. Bxc3 d4 14. Bd2 Qd5 15. Qe2 Rfe8 16. Qf3 Qxf3 17. gxf3 Red8 18. Kf2 g6 19. Rg1 a5 20. b3 Nd5 21. f5 e5 22. fxg6 hxg6 23. h4 Rd6 24. Rae1 Re8 25. h5 Kg7 26. hxg6 fxg6 27. Rg5 Nc3 28. Bxc3 dxc3 29. Rgxe5 Rf8 30. Re7+ Rf7 31. Rxf7+ Kxf7 32. Re5 Rf6 33. Be4 Bc8 34. Rxa5 Be6 35. Rc5 Ke7 36. Rxc3 Kd6 37. a4 g5 38. Ke3 Bf7 39. Rc6+ Ke5 40. Rxf6 Kxf6 41. a5 1-0

[Event "COL-chT 21st"]
[Site "Cartagena"]
[Date "2019.11.30"]
[Round "1.1"]
[White "Orozco, Luz Elena"]
[Black "Castrillon Gomez, Melissa"]
[Result "0-1"]
[WhiteElo "2008"]
[BlackElo "2102"]
[PlyCount "148"]
[EventDate "2019.11.30"]
[EventType "team-swiss"]
[EventRounds "9"]
[EventCountry "COL"]
[SourceTitle "CBM 195 Extra"]
[Source "ChessBase"]
[SourceDate "2020.05.31"]
[SourceVersion "1"]
[SourceVersionDate "2020.05.31"]
[SourceQuality "1"]
[WhiteTeam "Boyaca"]
[BlackTeam "Antioquia"]
[WhiteTeamCountry "COL"]
[BlackTeamCountry "COL"]

1. e4 c5 2. Nf3 Nc6 3. Bb5 g6 4. Bxc6 bxc6 5. d4 Bg7 6. dxc5 Qa5+ 7. Nbd2 Ba6 8. Rb1 Qxc5 9. b4 Qd6 10. c4 Bc3 11. Qb3 Bxd2+ 12. Nxd2 e5 13. 0-0 Ne7 14. Rd1 Qe6 15. b5 cxb5 16. cxb5 Qxb3 17. Rxb3 Bb7 18. Nc4 0-0 19. Ba3 d5 20. Nd6 Rfb8 21. Nxb7 Rxb7 22. Bxe7 Rxe7 23. exd5 Rc8 24. d6 Rd7 25. h3 Rc2 26. a4 Rc4 27. a5 Ra4 28. b6 axb6 29. axb6 Ra8 30. b7 Rb8 31. Rb6 Kf8 32. Kf1 Ke8 33. Rd5 f6 34. Ke2 Rbxb7 35. Rc6 Kf7 36. Rc8 Ke6 37. Rd2 Rxd6 38. Re8+ Re7 39. Rc8 Rxd2+ 40. Kxd2 Rd7+ 41. Ke3 Ra7 42. Re8+ Kf5 43. g4+ Kg5 44. Kf3 Ra3+ 45. Kg2 h6 46. Rg8 h5 47. gxh5 Kxh5 48. Rh8+ Kg5 49. Rg8 Kf5 50. h4 Ra4 51. Kg3 Rg4+ 52. Kh3 Rf4 53. Kg3 e4 54. Rg7 Rf3+ 55. Kg2 Ra3 56. Re7 Kf4 57. Rf7 f5 58. Rg7 Ra6 59. Rg8 Kg4 60. Rh8 f4 61. h5 f3+ 62. Kh2 gxh5 63. Rg8+ Kf5 64. Kg3 Rg6+ 65. Rxg6 Kxg6 66. Kf4 h4 67. Kg4 Kf6 68. Kxh4 Ke5 69. Kg3 Kd4 70. Kg4 Kd3 71. Kf4 Ke2 72. Kg3 e3 73. fxe3 f2 74. e4 f1Q 0-1

[Event "COL-chT rapid (Women)"]
[Site "Cartagena"]
[Date "2019.11.29"]
[Round "7.1"]
[White "Orozco, Luz Elena"]
[Black "Franco Valencia, Angela Maria"]
[Result "0-1"]
[WhiteElo "1940"]
[BlackElo "2201"]
[PlyCount "144"]
[EventDate "2019.11.29"]
[EventType "team-swiss"]
[EventRounds "7"]
[EventCountry "COL"]
[SourceTitle "CBM 193 Extra"]
[Source "ChessBase"]
[SourceDate "2020.01.31"]
[SourceVersion "1"]
[SourceVersionDate "2020.01.31"]
[SourceQuality "1"]
[WhiteTeam "Boyaca (W)"]
[BlackTeam "Bolivar (W)"]
[WhiteTeamCountry "COL"]
[BlackTeamCountry "COL"]

1. e4 e5 2. Bc4 Nf6 3. d3 Bc5 4. Nc3 Nc6 5. f4 Bxg1 6. Rxg1 d6 7. f5 Na5 8. g4 c6 9. g5 Nd7 10. Be3 Nb6 11. Bb3 Nxb3 12. axb3 d5 13. Bc5 d4 14. Nb1 g6 15. Qf3 gxf5 16. Bxb6 Qxb6 17. exf5 Qc5 18. Kd1 Bd7 19. Nd2 Kd8 20. Ne4 Qd5 21. b4 a5 22. h4 Kc7 23. bxa5 Rxa5 24. Rxa5 Qxa5 25. Ke2 Qa4 26. b3 Qa2 27. Rc1 Qa3 28. Kd2 Qa5+ 29. Ke2 Qa3 30. Kd1 Qa5 31. h5 Rg8 32. Ke2 Qa3 33. Kd1 Qa5 34. g6 hxg6 35. fxg6 fxg6 36. h6 Rh8 37. Nf6 Bf5 38. h7 Qc5 39. Ke2 Qe7 40. Ne4 Rxh7 41. Rg1 Rh2+ 42. Nf2 Qh4 43. b4 Qh6 44. Qg3 Kd6 45. b5 Qf4 46. Qxf4 exf4 47. bxc6 bxc6 48. Kf3 Ke5 49. Re1+ Kf6 50. Re8 g5 51. Rf8+ Ke6 52. Rg8 g4+ 53. Nxg4 Rxc2 54. Nh6 Bxd3 55. Re8+ Kd5 56. Kxf4 Kc4 57. Ng4 Kc3 58. Rc8 Kd2 59. Ke5 Be2 60. Nf6 d3 61. Kd4 Ke1 62. Ne4 d2 63. Nxd2 Kxd2 64. Rc7 Bb5 65. Rc8 Rc4+ 66. Ke5 Kc3 67. Kd6 Rd4+ 68. Kc5 Rd5+ 69. Kb6 Kb4 70. Rh8 c5 71. Rh1 Rd6+ 72. Kc7 Rg6 0-1

[Event "COL-chT rapid (Women)"]
[Site "Cartagena"]
[Date "2019.11.29"]
[Round "3.1"]
[White "Orozco, Luz Elena"]
[Black "Salcedo, Jackeline"]
[Result "1-0"]
[WhiteElo "1940"]
[BlackElo "1936"]
[PlyCount "81"]
[EventDate "2019.11.29"]
[EventType "team-swiss"]
[EventRounds "7"]
[EventCountry "COL"]
[SourceTitle "CBM 193 Extra"]
[Source "ChessBase"]
[SourceDate "2020.01.31"]
[SourceVersion "1"]
[SourceVersionDate "2020.01.31"]
[SourceQuality "1"]
[WhiteTeam "Boyaca (W)"]
[BlackTeam "Bogota (W)"]
[WhiteTeamCountry "COL"]
[BlackTeamCountry "COL"]

1. e4 e6 2. d4 d5 3. e5 c5 4. c3 Qb6 5. Nf3 Bd7 6. a3 Bb5 7. b4 cxd4 8. cxd4 Bxf1 9. Kxf1 Nd7 10. g3 a5 11. bxa5 Rxa5 12. Kg2 Ne7 13. Bd2 Ra8 14. Bb4 Nc6 15. Bxf8 Nxf8 16. Nc3 Ng6 17. a4 0-0 18. Nb5 f6 19. Qe2 fxe5 20. dxe5 Rf4 21. Nd6 Ncxe5 22. Nxe5 Qxd6 23. Nxg6 Re4 24. Qb5 hxg6 25. a5 Rb4 26. Qe2 Rf8 27. h4 Re4 28. Qd2 e5 29. Rab1 Rd4 30. Qc2 Qa3 31. Rxb7 Qf3+ 32. Kh2 Qxf2+ 33. Qxf2 Rxf2+ 34. Kh3 Ra2 35. Rf1 e4 36. Rb8+ Kh7 37. Rff8 g5 38. h5 g4+ 39. Kxg4 e3+ 40. Kg5 g6 41. Rf7# 1-0

[Event "COL pre olympic sf3"]
[Site "Cartagena"]
[Date "2019.08.17"]
[Round "6"]
[White "Nunez V, Gustavo Eduardo"]
[Black "Orozco, Luz Elena"]
[Result "1-0"]
[WhiteElo "2233"]
[BlackElo "2069"]
[PlyCount "74"]
[EventDate "2019.08.14"]
[EventType "swiss"]
[EventRounds "10"]
[EventCountry "COL"]
[SourceTitle "EXT 2020"]
[Source "ChessBase"]
[SourceDate "2019.10.17"]
[SourceVersion "1"]
[SourceVersionDate "2019.10.17"]
[SourceQuality "1"]

1. e4 c5 2. c4 Nc6 3. Nf3 g6 4. d4 cxd4 5. Nxd4 Bg7 6. Be3 Nf6 7. Nc3 0-0 8. Be2 d6 9. Qd2 Bd7 10. 0-0 a6 11. f3 Rc8 12. Rac1 Ne5 13. b3 Re8 14. Rfd1 Bc6 15. Nd5 h5 16. b4 Bxd5 17. exd5 e6 18. dxe6 fxe6 19. h3 Qc7 20. f4 Nf7 21. Nf3 Ne4 22. Qd3 d5 23. c5 Rcd8 24. Nd2 Ng3 25. Bf2 Nxe2+ 26. Qxe2 e5 27. fxe5 Qxe5 28. Qd3 g5 29. Re1 Qf6 30. Nf3 g4 31. Bd4 Qh6 32. hxg4 hxg4 33. Bxg7 Qxg7 34. Nd4 Ne5 35. Qg3 Nf3+ 36. Nxf3 gxf3 37. Qxf3 Rc8 1-0

[Event "COL pre olympic sf3"]
[Site "Cartagena"]
[Date "2019.08.15"]
[Round "2"]
[White "Echavarria, Johann"]
[Black "Orozco, Luz Elena"]
[Result "1-0"]
[WhiteElo "2274"]
[BlackElo "2069"]
[PlyCount "103"]
[EventDate "2019.08.14"]
[EventType "swiss"]
[EventRounds "10"]
[EventCountry "COL"]
[SourceTitle "EXT 2020"]
[Source "ChessBase"]
[SourceDate "2019.10.17"]
[SourceVersion "1"]
[SourceVersionDate "2019.10.17"]
[SourceQuality "1"]

1. e4 c5 2. Nf3 Nc6 3. d4 cxd4 4. Nxd4 Qb6 5. Nb3 Nf6 6. Nc3 e6 7. Qf3 Bb4 8. Bg5 Ne5 9. Qg3 Ng6 10. Bxf6 gxf6 11. 0-0-0 a6 12. Rd4 Be7 13. Be2 d6 14. Rhd1 Bd7 15. Kb1 0-0-0 16. Qe3 Kb8 17. Nd2 Bc6 18. Nc4 Qc7 19. Qd2 Rd7 20. g3 Rhd8 21. Ne3 Bf8 22. Qe1 Ne7 23. f4 Nc8 24. Qf1 Bg7 25. f5 Nb6 26. Qh3 e5 27. R4d2 Rh8 28. Qh5 Qd8 29. Nc4 Nxc4 30. Bxc4 Qf8 31. Rd3 Rg8 32. Nd5 h6 33. Rb3 b5 34. Nc3 Rb7 35. Bd5 Qe8 36. Qh4 b4 37. Bxc6 Qxc6 38. Nd5 a5 39. Qg4 h5 40. Qxh5 Qc4 41. Re3 Rh8 42. Qe2 Qc5 43. Red3 Rf8 44. h4 a4 45. g4 Rh8 46. Rh3 Ka8 47. Qa6+ Ra7 48. Qb6 Qxb6 49. Nxb6+ Kb7 50. Nd5 Kc6 51. Nxb4+ Kc5 52. Rd5+ 1-0

[Event "COL-ch sf 2nd"]
[Site "Tunja"]
[Date "2018.04.19"]
[Round "4"]
[White "Moncada Correa, Sara"]
[Black "Orozco, Luz Elena"]
[Result "1-0"]
[WhiteElo "1651"]
[BlackElo "2091"]
[PlyCount "31"]
[EventDate "2018.04.17"]
[EventType "swiss"]
[EventRounds "10"]
[EventCountry "COL"]
[SourceTitle "CBM 184 Extra"]
[Source "ChessBase"]
[SourceDate "2018.06.28"]
[SourceVersion "1"]
[SourceVersionDate "2018.06.28"]
[SourceQuality "1"]

1. d4 Nf6 2. c4 e6 3. Nf3 b6 4. a3 Bb7 5. Nc3 d5 6. cxd5 Nxd5 7. Qc2 Be7 8. e4 Nxc3 9. bxc3 0-0 10. Bd3 c5 11. 0-0 Nc6 12. Bb2 Rc8 13. Qe2 Na5 14. Rfe1 c4 15. Bc2 Re8 16. Rad1 1-0

[Event "Cali Valle (Women) op"]
[Site "Cali"]
[Date "2014.03.22"]
[Round "2"]
[White "Orozco, Luz Elena"]
[Black "Rua, Nora L"]
[Result "1-0"]
[WhiteElo "2080"]
[BlackElo "1952"]
[PlyCount "59"]
[EventDate "2014.03.21"]
[EventType "swiss"]
[EventRounds "7"]
[EventCountry "COL"]
[SourceTitle "CBM 159 Extra"]
[Source "ChessBase"]
[SourceDate "2014.04.24"]
[SourceVersion "1"]
[SourceVersionDate "2014.04.24"]
[SourceQuality "1"]

1. e4 e5 2. Nf3 Nc6 3. Bb5 Nf6 4. Qe2 Bc5 5. c3 Qe7 6. 0-0 0-0 7. d3 d6 8. Bg5 h6 9. Bh4 Kh8 10. Nbd2 Rg8 11. Rfe1 g5 12. Bg3 h5 13. Bxc6 bxc6 14. d4 exd4 15. cxd4 Bb6 16. e5 Nd5 17. h4 g4 18. Ng5 Bxd4 19. Qd3 Rxg5 20. Qxd4 Rg7 21. exd6 Qd7 22. dxc7 f6 23. Ne4 Rg6 24. Rad1 Kg8 25. Nc3 Bb7 26. b4 Qf7 27. Nxd5 cxd5 28. Qc5 Rg7 29. Qb5 Bc8 30. Qc6 1-0

[Event "Cali Valle (Women) op"]
[Site "Cali"]
[Date "2014.03.21"]
[Round "1"]
[White "Viveros Torres, Erica Johana"]
[Black "Orozco, Luz Elena"]
[Result "0-1"]
[WhiteElo "1522"]
[BlackElo "2080"]
[PlyCount "48"]
[EventDate "2014.03.21"]
[EventType "swiss"]
[EventRounds "7"]
[EventCountry "COL"]
[SourceTitle "CBM 159 Extra"]
[Source "ChessBase"]
[SourceDate "2014.04.24"]
[SourceVersion "1"]
[SourceVersionDate "2014.04.24"]
[SourceQuality "1"]

1. e4 c5 2. Nf3 Nc6 3. d4 cxd4 4. Nxd4 Nf6 5. Nc3 Qb6 6. Nb3 d6 7. f3 e6 8. Bg5 Be7 9. Qd2 a6 10. 0-0-0 Qc7 11. g4 b5 12. Bf4 Ne5 13. Be2 b4 14. Nb1 a5 15. Rhf1 0-0 16. h4 Bb7 17. g5 Nfd7 18. Nd4 Nc4 19. Nb5 Qc5 20. Bxc4 Qxc4 21. Bxd6 Nc5 22. Bxe7 b3 23. a3 bxc2 24. Qxc2 Nb3# 0-1

[Event "COL-ch sf (Women)"]
[Site "Medellin"]
[Date "2014.??.??"]
[Round "7"]
[White "Matta, Paola Andrea"]
[Black "Orozco, Luz Elena"]
[Result "0-1"]
[WhiteElo "2026"]
[BlackElo "2068"]
[PlyCount "84"]
[EventDate "2014.04.15"]
[EventType "swiss"]
[EventRounds "9"]
[EventCountry "COL"]
[SourceTitle "CBM 160 Extra"]
[Source "ChessBase"]
[SourceDate "2014.07.01"]
[SourceVersion "1"]
[SourceVersionDate "2014.07.01"]
[SourceQuality "1"]

1. Nf3 Nf6 2. c4 e6 3. g3 d5 4. Bg2 dxc4 5. Qa4+ Nbd7 6. Qxc4 a6 7. Qc2 c5 8. 0-0 Rb8 9. d4 b5 10. Bf4 Ra8 11. Ne5 Nd5 12. dxc5 Nxc5 13. Rd1 Qb6 14. Nxf7 Kxf7 15. Rxd5 Bb7 16. Rd1 Rc8 17. e3 Be7 18. Qe2 Bf6 19. Na3 Bxg2 20. Kxg2 e5 21. b4 exf4 22. bxc5 Qc6+ 23. Kg1 Bxa1 24. Rxa1 Qxc5 25. Rd1 Rhd8 26. Rxd8 Rxd8 27. Nc2 fxg3 28. hxg3 Qc4 29. Qh5+ Kg8 30. Nd4 Qxa2 31. Qc5 Rf8 32. f4 Qc4 33. Qe5 Qf7 34. Qc5 Re8 35. Kf2 Qe7 36. Qd5+ Kh8 37. Nf5 Qe6 38. Qd3 b4 39. g4 a5 40. Qb5 g6 41. Qxa5 gxf5 42. Qc5 Qxe3+ 0-1

[Event "COL-ch sf (Women)"]
[Site "Medellin"]
[Date "2014.??.??"]
[Round "9"]
[White "Pachon Gutierrez, Adriana Paola"]
[Black "Orozco, Luz Elena"]
[Result "0-1"]
[WhiteElo "2060"]
[BlackElo "2068"]
[PlyCount "72"]
[EventDate "2014.04.15"]
[EventType "swiss"]
[EventRounds "9"]
[EventCountry "COL"]
[SourceTitle "CBM 160 Extra"]
[Source "ChessBase"]
[SourceDate "2014.07.01"]
[SourceVersion "1"]
[SourceVersionDate "2014.07.01"]
[SourceQuality "1"]

1. b3 e5 2. Bb2 Nc6 3. e3 a6 4. c4 Nf6 5. Nc3 d5 6. cxd5 Nxd5 7. Nxd5 Qxd5 8. Nf3 Bg4 9. Bc4 Qd7 10. h3 Bxf3 11. Qxf3 0-0-0 12. Rd1 f5 13. 0-0 h5 14. a4 h4 15. d4 e4 16. Qe2 Rh6 17. f3 exf3 18. Qxf3 Ne7 19. Ba3 Rf6 20. d5 Kb8 21. Rd4 Ng6 22. Bb2 Bc5 23. Rd3 Rff8 24. b4 Bxb4 25. Rb3 a5 26. Rb1 f4 27. e4 Qd6 28. Bb5 Ne5 29. Bxe5 Qxe5 30. Kh2 Rd6 31. Rxb4 axb4 32. Rxb4 Rg6 33. Bc6 b6 34. a5 Rg3 35. Qf2 f3 36. Rxb6+ Kc8 0-1

[Event "Bogota University op 7th"]
[Site "Bogota"]
[Date "2013.10.14"]
[Round "9"]
[White "Orozco, Luz Elena"]
[Black "De Arco, Luis Carlos"]
[Result "0-1"]
[WhiteElo "2080"]
[BlackElo "2283"]
[PlyCount "84"]
[EventDate "2013.10.10"]
[EventType "swiss"]
[EventRounds "9"]
[EventCountry "COL"]
[SourceTitle "CBM 156 Extra"]
[Source "ChessBase"]
[SourceDate "2013.10.22"]
[SourceVersion "1"]
[SourceVersionDate "2013.10.22"]
[SourceQuality "1"]

1. e4 e5 2. Nf3 Nc6 3. Bb5 a6 4. Ba4 Nf6 5. Qe2 b5 6. Bb3 Be7 7. c3 0-0 8. 0-0 d6 9. d4 exd4 10. cxd4 Bg4 11. Rd1 d5 12. e5 Ne4 13. Nc3 Nxc3 14. bxc3 f6 15. h3 Bf5 16. g4 Bc8 17. exf6 Rxf6 18. Ne5 Na5 19. Bc2 Nc4 20. Re1 Nxe5 21. dxe5 Rf8 22. Qd3 g6 23. Bh6 Re8 24. f4 Bc5+ 25. Kh1 Bb7 26. Bb3 Kh8 27. Re2 Bf8 28. Bg5 Be7 29. Bxe7 Qxe7 30. f5 gxf5 31. gxf5 c5 32. f6 Qc7 33. Bc2 d4+ 34. Kg1 Rg8+ 35. Kf1 Rg6 36. Qf5 Rag8 37. Rf2 Bd5 38. e6 Bc4+ 39. Bd3 Bxd3+ 40. Qxd3 Rg1+ 41. Ke2 Qe5+ 42. Kd2 Rxa1 0-1

[Event "Pamplona IRT blitz op (Women)"]
[Site "Pamplona"]
[Date "2012.11.04"]
[Round "17.7"]
[White "Gelves, Sandra Milena"]
[Black "Orozco, Luz Elena"]
[Result "0-1"]
[WhiteElo "1990"]
[BlackElo "2068"]
[PlyCount "39"]
[EventDate "2012.11.04"]
[EventType "swiss (blitz)"]
[EventRounds "18"]
[EventCountry "COL"]
[SourceTitle "EXT 2024"]
[Source "ChessBase"]
[SourceDate "2023.10.10"]
[SourceVersion "1"]
[SourceVersionDate "2023.10.10"]
[SourceQuality "1"]

1. e4 c5 2. Nf3 Nc6 3. d4 cxd4 4. Nxd4 Qb6 5. c3 Nf6 6. Nxc6 bxc6 7. Bd3 e5 8. 0-0 Be7 9. Nd2 0-0 10. Nf3 Qc7 11. b3 d5 12. Re1 Bg4 13. Qe2 Bd6 14. Bg5 Nd7 15. h3 Bh5 16. Rac1 f5 17. c4 dxe4 18. c5 Nxc5 19. Bc4+ Kh8 20. Nxe5 0-1

[Event "Pamplona IRT blitz op (Women)"]
[Site "Pamplona"]
[Date "2012.11.04"]
[Round "13.8"]
[White "Orozco, Luz Elena"]
[Black "Hernandez Fonseca, Maria Paula"]
[Result "1-0"]
[WhiteElo "2068"]
[BlackElo "1937"]
[PlyCount "68"]
[EventDate "2012.11.04"]
[EventType "swiss (blitz)"]
[EventRounds "18"]
[EventCountry "COL"]
[SourceTitle "EXT 2024"]
[Source "ChessBase"]
[SourceDate "2023.10.10"]
[SourceVersion "1"]
[SourceVersionDate "2023.10.10"]
[SourceQuality "1"]

1. e4 c5 2. Nf3 d6 3. d4 cxd4 4. Nxd4 Nf6 5. Nc3 a6 6. Be2 e5 7. Nb3 Be7 8. Be3 Be6 9. g4 b5 10. g5 Nfd7 11. Qd2 Nb6 12. f4 Nc4 13. Bxc4 Bxc4 14. 0-0-0 0-0 15. f5 Re8 16. Nd5 Bxd5 17. exd5 Nd7 18. Qg2 a5 19. f6 Bf8 20. h4 a4 21. Nd2 Nb6 22. Bxb6 Qxb6 23. fxg7 Bxg7 24. Ne4 Qe3+ 25. Kb1 Red8 26. h5 a3 27. Rd3 Qb6 28. b3 b4 29. g6 fxg6 30. hxg6 h6 31. Qg4 Rf8 32. Qe6+ Kh8 33. Nxd6 Qc7 34. Nf7+ Rxf7 1-0

[Event "Pamplona IRT blitz op (Women)"]
[Site "Pamplona"]
[Date "2012.11.04"]
[Round "12.4"]
[White "Orozco, Luz Elena"]
[Black "Mateus, Martha"]
[Result "0-1"]
[WhiteElo "2068"]
[BlackElo "2110"]
[PlyCount "74"]
[EventDate "2012.11.04"]
[EventType "swiss (blitz)"]
[EventRounds "18"]
[EventCountry "COL"]
[SourceTitle "EXT 2024"]
[Source "ChessBase"]
[SourceDate "2023.10.10"]
[SourceVersion "1"]
[SourceVersionDate "2023.10.10"]
[SourceQuality "1"]

1. e4 c5 2. Nf3 d6 3. d4 cxd4 4. Nxd4 Nf6 5. Nc3 a6 6. Be2 e5 7. Nb3 Be7 8. Be3 Be6 9. g4 b5 10. g5 Nfd7 11. Qd2 Nb6 12. f4 Nc4 13. Bxc4 Bxc4 14. f5 f6 15. h4 Nd7 16. 0-0-0 a5 17. Nd5 a4 18. Na1 Ra6 19. Kb1 Bxd5 20. Qxd5 Qa5 21. Bd2 Qb6 22. Bb4 Nc5 23. gxf6 Bxf6 24. h5 h6 25. Bxc5 Qxc5 26. Qe6+ Be7 27. Qg6+ Kf8 28. Rhg1 Bf6 29. Rd5 Qc4 30. Rgd1 Ke7 31. Qg2 Rc8 32. Qd2 Bg5 33. Qe1 a3 34. b3 Qc6 35. Qb4 Rd8 36. Qxb5 Qc3 37. Qb7+ Rd7 0-1

[Event "Pamplona IRT blitz op (Women)"]
[Site "Pamplona"]
[Date "2012.11.04"]
[Round "8.4"]
[White "Salazar, Aura Cristina"]
[Black "Orozco, Luz Elena"]
[Result "0-1"]
[WhiteElo "2248"]
[BlackElo "2068"]
[PlyCount "26"]
[EventDate "2012.11.04"]
[EventType "swiss (blitz)"]
[EventRounds "18"]
[EventCountry "COL"]
[SourceTitle "EXT 2024"]
[Source "ChessBase"]
[SourceDate "2023.10.10"]
[SourceVersion "1"]
[SourceVersionDate "2023.10.10"]
[SourceQuality "1"]

1. e4 c5 2. Nf3 Nc6 3. d4 cxd4 4. Nxd4 Qb6 5. Nb3 Nf6 6. Bd3 e6 7. 0-0 a6 8. Be3 Qc7 9. c4 d6 10. Nc3 Be7 11. Be2 b6 12. Rc1 Bb7 13. f3 0-0 0-1

[Event "Valle Region-ch qual 4"]
[Site "Cali"]
[Date "2012.04.14"]
[Round "5.3"]
[White "Orozco, Luz Elena"]
[Black "Ibarra, Jose Edinson"]
[Result "1-0"]
[WhiteElo "2125"]
[BlackElo "1691"]
[PlyCount "58"]
[EventDate "2012.04.13"]
[EventType "swiss"]
[EventRounds "5"]
[EventCountry "COL"]
[SourceTitle "EXT 2024"]
[Source "ChessBase"]
[SourceDate "2023.10.10"]
[SourceVersion "1"]
[SourceVersionDate "2023.10.10"]
[SourceQuality "1"]

1. e4 e5 2. d4 exd4 3. Qxd4 Nc6 4. Qe3 Nf6 5. Bd2 Be7 6. Nc3 0-0 7. 0-0-0 d5 8. exd5 Nxd5 9. Qg3 Bh4 10. Qf3 Be6 11. Bf4 Bg5 12. Nh3 Bxf4+ 13. Nxf4 Nce7 14. Ncxd5 Nxd5 15. Nxd5 c6 16. Nc3 Qa5 17. Bd3 Rfc8 18. Qe4 g6 19. Bc4 Re8 20. h4 Bf5 21. Qf3 b5 22. g4 bxc4 23. gxf5 Qb4 24. fxg6 hxg6 25. Rd7 Rf8 26. h5 Rab8 27. Nd1 c3 28. hxg6 fxg6 29. Rh8+ Kxh8 1-0

[Event "Cali Region-ch (Women)"]
[Site "Cali"]
[Date "2011.04.20"]
[Round "5.3"]
[White "Matta, Paola Andrea"]
[Black "Orozco, Luz Elena"]
[Result "1/2-1/2"]
[WhiteElo "2046"]
[BlackElo "2129"]
[PlyCount "58"]
[EventDate "2011.03.18"]
[EventType "tourn"]
[EventRounds "6"]
[EventCountry "COL"]
[SourceTitle "EXT 2024"]
[Source "ChessBase"]
[SourceDate "2023.10.10"]
[SourceVersion "1"]
[SourceVersionDate "2023.10.10"]
[SourceQuality "1"]

1. Nf3 Nf6 2. c4 c5 3. Nc3 Nc6 4. d4 cxd4 5. Nxd4 e5 6. Nc2 Be7 7. g3 0-0 8. Bg2 h6 9. 0-0 a6 10. Ne3 Bc5 11. Na4 Be7 12. Nf5 d6 13. Nxe7+ Qxe7 14. Nb6 Rb8 15. b3 Be6 16. Ba3 Rfd8 17. Qd2 Qc7 18. Nd5 Bxd5 19. cxd5 Ne7 20. Rac1 Qd7 21. Rc2 Rbc8 22. Rfc1 Ne8 23. e4 Rxc2 24. Rxc2 Rc8 25. Qc1 Rxc2 26. Qxc2 Kf8 27. Bb4 Qc8 28. Qxc8 Nxc8 29. f4 exf4 1/2-1/2

[Event "COL-ch sf (Women)"]
[Site "Buga"]
[Date "2009.06.02"]
[Round "7.1"]
[White "Herrera, Milena"]
[Black "Orozco, Luz Elena"]
[Result "1/2-1/2"]
[WhiteElo "2108"]
[BlackElo "2058"]
[PlyCount "69"]
[EventDate "2009.05.30"]
[EventType "swiss"]
[EventRounds "7"]
[EventCountry "COL"]
[SourceTitle "EXT 2024"]
[Source "ChessBase"]
[SourceDate "2023.10.10"]
[SourceVersion "1"]
[SourceVersionDate "2023.10.10"]
[SourceQuality "1"]

1. e4 c5 2. Nf3 Nc6 3. d4 cxd4 4. Nxd4 Nf6 5. Nc3 e5 6. Ndb5 d6 7. Bg5 a6 8. Na3 b5 9. Nd5 Be7 10. Bxf6 Bxf6 11. c3 0-0 12. Nc2 Bg5 13. a4 bxa4 14. Rxa4 a5 15. Bc4 Ba6 16. Bxa6 Rxa6 17. 0-0 f5 18. exf5 Rxf5 19. Nce3 Bxe3 20. Nxe3 Rf8 21. Rc4 Ne7 22. Nd5 Nxd5 23. Qxd5+ Kh8 24. Qb7 Qb6 25. Qxb6 Rxb6 26. b4 axb4 27. cxb4 Rfb8 28. Rd1 Rxb4 29. Rxb4 Rxb4 30. h3 Rd4 31. Rxd4 exd4 32. Kf1 Kg8 33. Ke2 Kf7 34. Kd3 Ke6 35. Kxd4 1/2-1/2